Les pays culminants à plus de 5000 mètres - Statistiques

Statistiques générales
  • Ce quiz a été pris 223 fois
    104 depuis la dernière actualisation
  • Le résultat moyen est 22 sur 27
Statistiques - réponses
Point culminant Altitude en m Pays % Correct
Everest 8848 Chine
100%
Everest 8848 Népal
100%
Kangchenjunga 8586 Inde
98%
Mont McKinley 6194 Etats-Unis
97%
K2 8611 Pakistan
95%
Aconcagua 6960 Argentine
94%
Huascarán 6768 Pérou
92%
Ojos del Salado 6880 Chili
91%
Elbrouz 5642 Russie
91%
Nevado Sajama 6542 Bolivie
90%
Mont Logan 5959 Canada
90%
Mont Kenya 5199 Kenya
90%
Pic Cristóbal Colón ou pic Simón Bolívar 5775 Colombie
88%
Nowshak 7492 Afghanistan
84%
Chimborazo 6267 Equateur
83%
Kilimandjaro 5895 Tanzanie
83%
Pic de Orizaba 5675 Mexique
82%
Gangkhar Puensum 7570 Bhoutan
81%
pic Khan-Tengri 7010 Kazakhstan
80%
Jengish Chokusu 7439 Kirghizistan
80%
Pic Ismail Samani 7495 Tadjikistan
77%
Damavand 5604 Iran
75%
Mont Ararat 5137 Turquie
74%
Hkakabo Razi 5881 Birmanie
61%
Mt'a Shkhara 5201 Géorgie
58%
Pic Margherita sur le mont Stanley 5110 RD Congo
52%
Pic Margherita sur le mont Stanley 5110 Ouganda
47%
Aucun quiz correspondant
Distribution des résultats
% des personnes avec chaque résultat
Percentile par nombre de réponses
Votre historique - résultats
Vous n’avez pas pris ce quiz depuis la dernière actualisation